Statistics for Pastel Ghost - Dark Beach

Click here to take the quiz!

General Stats

  • This quiz has been taken 12 times
  • The average score is 45 of 105

Answer Stats

Answer% Correct
the
100%
you
100%
a
50%
am
50%
an
50%
as
50%
beach
50%
bloom
50%
breathe
50%
constantly
50%
could
50%
cover
50%
dark
50%
dreaming
50%
Drifting
50%
Feeling
50%
feeling
50%
Fell
50%
Flowers
50%
Hold
50%
Honestly
50%
I
50%
I'm
50%
in
50%
just
50%
Laying
50%
like
50%
love
50%
me
50%
not
50%
On
50%
on
50%
Pulsing
50%
sand
50%
sea
50%
Silver
50%
sleeping
50%
Talk
50%
this
50%
through
50%
to
50%
underneath
50%
was
50%
waves
50%
when
50%
while
50%
bleeding
0%
cloud
0%
endless
0%
heart
0%
interlude
0%
kiss
0%
Met
0%
moon
0%
My
0%
my
0%
reverie
0%
Silent
0%
sound
0%
Twilight
0%
youth
0%

Score Distribution

Percentile by Number Answered

Percent of People with Each Score

Your Score History

You have not taken this quiz